[Event "Paul Keres mem (26th)"]
[Site "Vancouver CAN"]
[Date "2001.05.19"]
[Round "3"]
[White "Herder, David"]
[Black "Harmon, Clark"]
[Result "0-1"]
[WhiteElo "2260"]
[BlackElo "2181"]
[PlyCount "92"]
[GameId "2160767911564702"]
[EventDate "2001.05.18"]
[EventType "swiss"]
[EventRounds "7"]
[EventCountry "CAN"]
[SourceTitle "CBM 082 Extra"]
[Source "ChessBase"]
[SourceDate "2001.07.03"]
[SourceVersion "1"]
[SourceVersionDate "2001.07.03"]
[SourceQuality "1"]

1. e4 Nf6 2. e5 Nd5 3. d4 d6 4. c4 Nb6 5. exd6 exd6 6. Nc3 Be7 7. Be3 Nc6 8. Nf3 Bg4 9. h3 Bh5 10. g4 Bg6 11. h4 h6 12. h5 Bh7 13. b3 Nb4 14. Rc1 Bf6 15. a3 Nc6 16. Bd3 Bxd3 17. Qxd3 Qd7 18. Rg1 d5 19. c5 Nc8 20. b4 N8e7 21. Kd2 O-O-O 22. Bf4 g5 23. Bh2 Bg7 24. Nb5 f5 25. Bxc7 Rdf8 26. Bg3 fxg4 27. Nd6+ Kd8 28. Ne5 Bxe5 29. dxe5 a6 30. e6 Qxe6 31. Nxb7+ Kd7 32. Rge1 Qf6 33. Kc2 Nd4+ 34. Kb1 Qf5 35. Red1 Ne2 36. Rc2 Qxd3 37. Rxd3 Nxg3 38. fxg3 Rf3 39. Rxf3 gxf3 40. g4 Rf8 41. Rf2 Nc6 42. Nd6 Ne5 43. Nf5 Rxf5 44. gxf5 g4 45. c6+ Kxc6 46. f6 Kd6 0-1

[Event "Paul Keres mem (26th)"]
[Site "Vancouver CAN"]
[Date "2001.05.19"]
[Round "3"]
[White "Huber, Gregory"]
[Black "Illijin, Neboisa"]
[Result "1-0"]
[WhiteElo "2256"]
[BlackElo "2263"]
[PlyCount "79"]
[GameId "2160767911564703"]
[EventDate "2001.05.18"]
[EventType "swiss"]
[EventRounds "7"]
[EventCountry "CAN"]
[SourceTitle "CBM 082 Extra"]
[Source "ChessBase"]
[SourceDate "2001.07.03"]
[SourceVersion "1"]
[SourceVersionDate "2001.07.03"]
[SourceQuality "1"]

1. e4 c5 2. Nc3 e6 3. Nge2 a6 4. g3 Nc6 5. Bg2 g6 6. d4 cxd4 7. Nxd4 Bg7 8. Be3 Nge7 9. O-O O-O 10. a4 Qc7 11. Nb3 b6 12. Qe2 Bb7 13. Rfd1 Na5 14. Nxa5 bxa5 15. Ra3 Bc6 16. Bc5 Rfe8 17. Rb3 Nc8 18. Bd4 Bxd4 19. Rxd4 Qe5 20. Qd2 Ne7 21. Nd1 Rab8 22. Rbd3 Kg7 23. b3 Qc5 24. Rc4 Qe5 25. h3 Rf8 26. Ne3 h5 27. Kh2 f6 28. f4 Qc7 29. Nd5 exd5 30. exd5 Nf5 31. dxc6 d6 32. g4 hxg4 33. hxg4 Rh8+ 34. Kg1 Nh6 35. Rxd6 Qb6+ 36. Qd4 Nxg4 37. Rd7+ Kh6 38. Qxb6 Rxb6 39. c7 Re6 40. c8=Q 1-0

[Event "Paul Keres mem (26th)"]
[Site "Vancouver CAN"]
[Date "2001.05.19"]
[Round "3.2"]
[White "Yoos, John"]
[Black "Kostadinov, George"]
[Result "1-0"]
[WhiteElo "2418"]
[BlackElo "2126"]
[PlyCount "93"]
[GameId "2160767911564706"]
[EventDate "2001.05.18"]
[EventType "swiss"]
[EventRounds "7"]
[EventCountry "CAN"]

1. e4 c5 2. Nf3 d6 3. d4 cxd4 4. Nxd4 Nf6 5. Nc3 a6 6. Bg5 e6 7. f4 Be7 8. Qf3 Qc7 9. O-O-O Nbd7 10. Qg3 h6 11. Bh4 g5 12. fxg5 Nh5 13. Qe3 Qc5 14. Kb1 hxg5 15. Bf2 Ne5 16. Qd2 Qa5 17. Nf3 Nxf3 18. gxf3 b5 19. a3 Nf4 20. Be3 Ng6 21. Be2 Rb8 22. Rdg1 f6 23. h4 Qc7 24. hxg5 Rxh1 25. Rxh1 fxg5 26. Bxg5 b4 27. axb4 Rxb4 28. Bxe7 Nxe7 29. Nd5 Rxb2+ 30. Kxb2 exd5 31. Rh8+ Kd7 32. Kc1 Qc5 33. Rh7 Qg1+ 34. Bd1 dxe4 35. fxe4 Qg6 36. Rh6 Qg3 37. c3 Bb7 38. Ba4+ Bc6 39. Bxc6+ Kxc6 40. Rh7 Qe5 41. Qd3 Nc8 42. Qxa6+ Nb6 43. Qb7+ Kb5 44. c4+ Kxc4 45. Qa6+ Qb5 46. Qa2+ Kd4 47. Qf2+ 1-0

[Event "Paul Keres mem (26th)"]
[Site "Vancouver CAN"]
[Date "2001.05.19"]
[Round "3.3"]
[White "Morgan, Ben"]
[Black "Gentes, Kevin"]
[Result "1/2-1/2"]
[WhiteElo "2439"]
[BlackElo "2365"]
[PlyCount "160"]
[GameId "2160767911564707"]
[EventDate "2001.05.18"]
[EventType "swiss"]
[EventRounds "7"]
[EventCountry "CAN"]

1. e4 c5 2. c3 d5 3. exd5 Qxd5 4. d4 Nf6 5. Nf3 cxd4 6. cxd4 e6 7. Nc3 Qd8 8. Bd3 Be7 9. O-O O-O 10. Bg5 Nc6 11. a3 b6 12. Qe2 Bb7 13. Rad1 Nd5 14. Bc1 Na5 15. Bb1 Nxc3 16. bxc3 Qd5 17. Rfe1 Bd6 18. Ba2 Qh5 19. Ne5 Qxe2 20. Rxe2 Bxe5 21. Rxe5 Rac8 22. Bb2 Rfd8 23. Ree1 Bd5 24. Bb1 Nc4 25. Bc1 Rc6 26. Bd3 Nd6 27. Bb2 f6 28. f3 Kf7 29. Kf2 Rdc8 30. Ra1 Nc4 31. Bxc4 Rxc4 32. Re3 Ke7 33. Ke1 Kd7 34. Kd2 g5 35. h4 Rg8 36. hxg5 Rxg5 37. g4 h5 38. gxh5 Rc8 39. Rh1 Rh8 40. h6 Rg2+ 41. Re2 Rg6 42. Reh2 Bxf3 43. Rf1 Bd5 44. h7 Bc4 45. Rf4 Ke7 46. Rfh4 Kf7 47. R4h3 b5 48. Kc2 a5 49. Bc1 Bd5 50. Rh4 a4 51. Be3 Rg2+ 52. Rxg2 Bxg2 53. Kd2 Bd5 54. Bf2 Ba2 55. Rh1 Bd5 56. Rh4 Bc6 57. Bg3 Be8 58. Bf4 Kg7 59. Bh6+ Kg6 60. Bf8 Rxh7 61. Rxh7 Kxh7 62. Ke3 Kg6 63. Kf4 Bc6 64. Bd6 Kf7 65. Bc5 Ke8 66. Bb4 Kd7 67. Bc5 Bh1 68. Bf8 Kc6 69. Be7 Kd5 70. Bb4 Kc4 71. Ba5 Kb3 72. Bb4 Kc2 73. Ba5 Bd5 74. Bb4 Kb3 75. Kg4 Kc4 76. Kf4 Bc6 77. Ba5 Be8 78. Bb4 Bg6 79. Ba5 Bb1 80. Bb4 Kd5 1/2-1/2

[Event "Paul Keres mem (26th)"]
[Site "Vancouver CAN"]
[Date "2001.05.19"]
[Round "3.4"]
[White "Boehmer, Kris"]
[Black "Jiganchine, Roman"]
[Result "1/2-1/2"]
[WhiteElo "2125"]
[BlackElo "2237"]
[PlyCount "26"]
[GameId "2160767911564708"]
[EventDate "2001.05.18"]
[EventType "swiss"]
[EventRounds "7"]
[EventCountry "CAN"]

1. d4 d5 2. Nf3 Nf6 3. e3 Bf5 4. c4 e6 5. Nc3 c6 6. Qb3 Qb6 7. c5 Qc7 8. Ne5 Nbd7 9. f4 Be7 10. Be2 Nxe5 11. fxe5 Nd7 12. O-O O-O 13. Bd2 Bg6 1/2-1/2

[Event "Paul Keres mem (26th)"]
[Site "Vancouver CAN"]
[Date "2001.05.19"]
[Round "3.5"]
[White "Berrocoso, Tony"]
[Black "Valvo, Michael"]
[Result "1/2-1/2"]
[WhiteElo "2053"]
[BlackElo "2387"]
[PlyCount "111"]
[GameId "2160767911564709"]
[EventDate "2001.05.18"]
[EventType "swiss"]
[EventRounds "7"]
[EventCountry "CAN"]

1. d4 Nf6 2. Nf3 c5 3. d5 g6 4. Nc3 Bg7 5. e4 d6 6. h3 O-O 7. Be3 Na6 8. Be2 Nc7 9. a4 Rb8 10. Nd2 b6 11. O-O e6 12. Bg5 exd5 13. Nxd5 Ncxd5 14. exd5 h6 15. Bxf6 Qxf6 16. Nc4 a6 17. Ra2 Bd7 18. Ne3 b5 19. axb5 axb5 20. Ra7 Rfd8 21. b3 h5 22. Qd3 Ra8 23. Rxa8 Rxa8 24. Qe4 Re8 25. Qf3 Qc3 26. Bd3 Qe5 27. Rb1 Bh6 28. Re1 Qd4 29. Re2 Re5 30. Kh2 Kf8 31. g3 Bxe3 32. Rxe3 Qxd5 33. Bxg6 Kg7 34. Qxd5 Rxd5 35. Bd3 c4 36. bxc4 bxc4 37. Bxc4 Rd2 38. Re2 Rd1 39. f3 d5 40. Bd3 Kf6 41. Kg2 Bf5 42. Bxf5 Kxf5 43. f4 d4 44. Kf3 d3 45. cxd3 Rxd3+ 46. Re3 Rd1 47. Re5+ Kg6 48. Rg5+ Kh6 49. Re5 Kg6 50. g4 hxg4+ 51. hxg4 Rf1+ 52. Ke4 Re1+ 53. Kd5 Rd1+ 54. Kc5 f6 55. Rd5 Rg1 56. g5 1/2-1/2

[Event "Paul Keres mem (26th)"]
[Site "Vancouver CAN"]
[Date "2001.05.19"]
[Round "3.8"]
[White "Stanford, Mike"]
[Black "North, Robert"]
[Result "1-0"]
[WhiteElo "2019"]
[BlackElo "2117"]
[PlyCount "47"]
[GameId "2160767911564710"]
[EventDate "2001.05.18"]
[EventType "swiss"]
[EventRounds "7"]
[EventCountry "CAN"]

1. e4 c5 2. Nf3 d6 3. d4 cxd4 4. Nxd4 Nf6 5. Nc3 a6 6. Bg5 e6 7. f4 b5 8. e5 dxe5 9. fxe5 Qc7 10. exf6 Qe5+ 11. Be2 Qxg5 12. O-O Ra7 13. Qd3 Rd7 14. Ne4 Qe5 15. Nf3 Qf4 16. Qc3 Qxe4 17. fxg7 Bxg7 18. Qxg7 Rf8 19. Bd3 Qe3+ 20. Kh1 f6 21. Qg4 Re7 22. a4 Bd7 23. axb5 axb5 24. Bxb5 1-0

[Event "Paul Keres mem (26th)"]
[Site "Vancouver CAN"]
[Date "2001.05.19"]
[Round "3.9"]
[White "Milicevic, Dragoljub"]
[Black "Fairbairn, Stephen"]
[Result "1-0"]
[WhiteElo "2353"]
[BlackElo "2015"]
[PlyCount "77"]
[GameId "2160767911564711"]
[EventDate "2001.05.18"]
[EventType "swiss"]
[EventRounds "7"]
[EventCountry "CAN"]

1. Nf3 Nf6 2. g3 g6 3. Bg2 d5 4. O-O Bg7 5. d4 O-O 6. Nbd2 Bf5 7. Ne5 c6 8. e3 Qc8 9. f4 Bh3 10. Qf3 Bxg2 11. Kxg2 Na6 12. c3 Nd7 13. e4 f6 14. Nd3 e6 15. g4 f5 16. exf5 exf5 17. g5 Re8 18. h4 Nc7 19. h5 Re6 20. Rf2 Qe8 21. Nf1 Nb5 22. Ne5 Nd6 23. Kg1 Nxe5 24. fxe5 Ne4 25. Rh2 Qe7 26. Rg2 Qf7 27. Ng3 Nxg3 28. Rxg3 Bf8 29. Be3 Bg7 30. Kg2 Rc8 31. Rh1 Qd7 32. Rgh3 Ree8 33. Bf4 Kf7 34. hxg6+ hxg6 35. Rh7 Rh8 36. Rxg7+ Kxg7 37. e6 Qxe6 38. Be5+ Kf7 39. Bxh8 1-0

[Event "Paul Keres mem (26th)"]
[Site "Vancouver CAN"]
[Date "2001.05.19"]
[Round "3.10"]
[White "Chapman, Erik"]
[Black "Gardner, Robert"]
[Result "1/2-1/2"]
[WhiteElo "2021"]
[BlackElo "2333"]
[PlyCount "82"]
[GameId "2160767911564712"]
[EventDate "2001.05.18"]
[EventType "swiss"]
[EventRounds "7"]
[EventCountry "CAN"]

1. e4 c5 2. Nf3 d6 3. d4 cxd4 4. Nxd4 Nf6 5. Nc3 a6 6. f4 Qc7 7. Nf3 g6 8. Bd3 Bg7 9. O-O Nbd7 10. Qe1 Nc5 11. Qh4 Nxd3 12. cxd3 Qc5+ 13. Kh1 Qh5 14. Qxh5 Nxh5 15. Nd5 Rb8 16. Nb6 Bg4 17. Rf2 Bxf3 18. Rxf3 Bd4 19. Nd5 Nf6 20. Nxf6+ Bxf6 21. Rf2 Bd4 22. Rc2 Kd7 23. Bd2 Rhc8 24. Rac1 Rc6 25. b3 Rbc8 26. Rxc6 Rxc6 27. Rxc6 Kxc6 28. g4 Kc5 29. Kg2 Bb2 30. Kf3 Kd4 31. Ke2 e6 32. g5 d5 33. e5 Ba3 34. Be1 b6 35. Bd2 a5 36. Be1 Bb4 37. Bxb4 axb4 38. Kd2 Kc5 39. Ke3 Kb5 40. d4 Ka5 41. h4 Kb5 1/2-1/2

[Event "Paul Keres mem (26th)"]
[Site "Vancouver CAN"]
[Date "2001.05.19"]
[Round "3.11"]
[White "Kerry, James"]
[Black "Adam, Valerian"]
[Result "0-1"]
[WhiteElo "2034"]
[BlackElo "2298"]
[PlyCount "30"]
[GameId "2160767911564713"]
[EventDate "2001.05.18"]
[EventType "swiss"]
[EventRounds "7"]
[EventCountry "CAN"]

1. d4 c6 2. c4 d5 3. Nf3 Nf6 4. Nc3 Bf5 5. cxd5 Nxd5 6. Qb3 Nxc3 7. Qxb7 Nd5 8. Qxa8 Qb6 9. a4 Nc7 10. a5 Qb4+ 11. Bd2 Qxb2 12. Qxb8+ Qxb8 13. g3 Qb2 14. Rc1 e6 15. Bg2 Bb4 0-1

[Event "Paul Keres mem (26th)"]
[Site "Vancouver CAN"]
[Date "2001.05.19"]
[Round "3.12"]
[White "Wu, Howard"]
[Black "Nguyen, Kim"]
[Result "1-0"]
[WhiteElo "2217"]
[BlackElo "2015"]
[PlyCount "87"]
[GameId "2160767911564714"]
[EventDate "2001.05.18"]
[EventType "swiss"]
[EventRounds "7"]
[EventCountry "CAN"]

1. e4 c5 2. Nf3 d6 3. d4 cxd4 4. Nxd4 Nf6 5. Nc3 a6 6. Bg5 e6 7. f4 Qb6 8. Qd2 Qxb2 9. Rb1 Qa3 10. f5 Nc6 11. fxe6 fxe6 12. Nxc6 bxc6 13. e5 Nd5 14. Rb3 Qa5 15. Be2 dxe5 16. Ne4 Qxd2+ 17. Bxd2 Be7 18. O-O Rf8 19. Bh5+ g6 20. Bf3 a5 21. c4 Ba6 22. Rc1 a4 23. Rbb1 Ba3 24. Rc2 Kd7 25. cxd5 exd5 26. Nc5+ Bxc5+ 27. Rxc5 h5 28. Re1 e4 29. Bd1 Bb5 30. g4 h4 31. g5 a3 32. Bg4+ Kc7 33. Bc3 Kd6 34. Bb4 Ke5 35. h3 Rf7 36. Bc3+ Kd6 37. Bb4 Ke5 38. Rc3 Ra6 39. Bxa3 Kd4 40. Bb2 Rxa2 41. Rf3+ Kc5 42. Rc1+ Kb4 43. Bc3+ Kb3 44. Rxf7 1-0

[Event "Paul Keres mem (26th)"]
[Site "Vancouver CAN"]
[Date "2001.05.19"]
[Round "3.13"]
[White "Poitras, Luc"]
[Black "Pitre, Hanniegn"]
[Result "1-0"]
[WhiteElo "2208"]
[BlackElo "2007"]
[PlyCount "85"]
[GameId "2160767911564715"]
[EventDate "2001.05.18"]
[EventType "swiss"]
[EventRounds "7"]
[EventCountry "CAN"]

1. e4 c6 2. d4 d5 3. Nc3 dxe4 4. Nxe4 Bf5 5. Nc5 b6 6. Nb3 Nf6 7. Nf3 Nbd7 8. Bd3 Bg4 9. h3 Bh5 10. Bf4 a5 11. O-O e6 12. c4 Be7 13. Qe2 O-O 14. Rfd1 Re8 15. Nbd2 c5 16. g4 Bg6 17. Ne4 cxd4 18. Nxd4 e5 19. Nc6 Qc7 20. Nxe7+ Rxe7 21. Bg5 Ree8 22. b3 Rac8 23. Rd2 Nxe4 24. Bxe4 Nc5 25. Bd5 e4 26. Qe3 Nd3 27. Bh4 Qc5 28. Bg3 Qxe3 29. fxe3 Ne5 30. Bxe5 Rxe5 31. Bb7 Rb8 32. Rd7 h5 33. Kg2 hxg4 34. hxg4 Rg5 35. Kh3 Rh5+ 36. Kg3 Re5 37. Bd5 b5 38. Kf4 Ree8 39. c5 Red8 40. Rxd8+ Rxd8 41. Bxe4 Rc8 42. Bxg6 fxg6 43. Rc1 1-0

[Event "Paul Keres mem (26th)"]
[Site "Vancouver CAN"]
[Date "2001.05.19"]
[Round "3.14"]
[White "Haukenfrers, Dale"]
[Black "Veszely, Frank"]
[Result "1-0"]
[WhiteElo "2201"]
[BlackElo "1946"]
[PlyCount "87"]
[GameId "2160767911564716"]
[EventDate "2001.05.18"]
[EventType "swiss"]
[EventRounds "7"]
[EventCountry "CAN"]

1. d3 e5 2. Nf3 Nc6 3. a3 Nf6 4. Bg5 h6 5. Bh4 Be7 6. e3 d6 7. d4 Bg4 8. Be2 e4 9. Nfd2 Bf5 10. c4 O-O 11. Nc3 Re8 12. O-O g5 13. Bg3 Bf8 14. Rc1 Bg7 15. Qb3 Qd7 16. Rfd1 h5 17. h4 gxh4 18. Bxh4 Ng4 19. Nd5 Rab8 20. Nf1 Bg6 21. Ng3 f5 22. Nf4 Qf7 23. Qb5 Ne7 24. Bxe7 c6 25. Qb4 Qxe7 26. Nxg6 Qf6 27. Nf4 h4 28. Ngh5 Qh6 29. Qa5 Rf8 30. Qxa7 Nf6 31. Nxg7 Kxg7 32. Ne6+ Kh8 33. Nxf8 Qxf8 34. Qa5 Qc8 35. d5 c5 36. Qb6 Qd7 37. b4 Rg8 38. bxc5 Qg7 39. Bf1 h3 40. Qxd6 Ng4 41. Qg3 hxg2 42. Qh3+ Nh6 43. Bxg2 Kh7 44. Rb1 1-0

[Event "Paul Keres mem (26th)"]
[Site "Vancouver CAN"]
[Date "2001.05.19"]
[Round "3.15"]
[White "Kaptsan, Aron"]
[Black "Shamilov, Eduard"]
[Result "0-1"]
[WhiteElo "2147"]
[BlackElo "2239"]
[PlyCount "92"]
[GameId "2160767911564717"]
[EventDate "2001.05.18"]
[EventType "swiss"]
[EventRounds "7"]
[EventCountry "CAN"]

1. d4 Nf6 2. c4 g6 3. Nc3 Bg7 4. e4 d6 5. Be2 O-O 6. Nf3 e5 7. O-O Nc6 8. d5 Ne7 9. Ne1 Nd7 10. Be3 f5 11. f3 f4 12. Bf2 g5 13. Nd3 Nf6 14. c5 Ng6 15. Rc1 Rf7 16. Qc2 g4 17. cxd6 cxd6 18. Nb5 g3 19. hxg3 Nh5 20. gxf4 exf4 21. Rfd1 Ng3 22. Bd4 Ne5 23. Nf2 Rf6 24. Nc7 Rh6 25. Ne6 Qe7 26. Qxc8+ Rxc8 27. Rxc8+ Kf7 28. Rc7 Nxe2+ 29. Kf1 Qxc7 30. Nxc7 Nxd4 31. Rxd4 Nxf3 32. Rb4 Nh2+ 33. Ke2 b6 34. Nb5 a6 35. Nc3 b5 36. a4 bxa4 37. Rxa4 Rg6 38. Rxa6 Rxg2 39. Rxd6 Bd4 40. Ncd1 Ng4 41. Rd7+ Kg6 42. Re7 Nxf2 43. Kf3 Rh2 44. d6 Nxd1 45. Kxf4 Kf6 46. Re8 Be5+ 0-1

[Event "Paul Keres mem (26th)"]
[Site "Vancouver CAN"]
[Date "2001.05.19"]
[Round "3.17"]
[White "Zemitis, Valdemars"]
[Black "Caluza, Juni"]
[Result "0-1"]
[WhiteElo "1841"]
[BlackElo "1877"]
[PlyCount "36"]
[GameId "2160767911564718"]
[EventDate "2001.05.18"]
[EventType "swiss"]
[EventRounds "7"]
[EventCountry "CAN"]

1. b4 d5 2. Bb2 Bf5 3. a3 Nd7 4. Nf3 Ngf6 5. e3 e6 6. d4 Bd6 7. Bd3 Ne4 8. Nbd2 O-O 9. O-O Bg6 10. c4 c6 11. Ne5 Bxe5 12. dxe5 Nxf2 13. Rxf2 Bxd3 14. Qb3 Bg6 15. Raf1 Nb6 16. Bd4 Nd7 17. Qc3 b6 18. Nb3 Qg5 0-1

[Event "Paul Keres mem (26th)"]
[Site "Vancouver CAN"]
[Date "2001.05.19"]
[Round "3.18"]
[White "Krzyzowski, Ernest"]
[Black "Oszvald, Joseph"]
[Result "0-1"]
[WhiteElo "1859"]
[BlackElo "2109"]
[PlyCount "70"]
[GameId "2160767911564719"]
[EventDate "2001.05.18"]
[EventType "swiss"]
[EventRounds "7"]
[EventCountry "CAN"]

1. c4 e5 2. Nc3 Nf6 3. Nf3 Nc6 4. e4 d6 5. d4 Bg4 6. d5 Bxf3 7. Qxf3 Nd4 8. Qd3 c5 9. dxc6 bxc6 10. Ne2 c5 11. Nxd4 exd4 12. g3 Be7 13. Bg2 O-O 14. e5 dxe5 15. Bxa8 Qxa8 16. O-O e4 17. Qd1 Nd7 18. Qh5 f5 19. Bf4 g6 20. Qh6 Bf6 21. Bd6 Re8 22. h4 Qc6 23. Qf4 Be5 24. Bxe5 Nxe5 25. b3 Kg7 26. Rad1 h6 27. h5 Nd3 28. Qd2 g5 29. f3 Ne5 30. fxe4 fxe4 31. Qa5 a6 32. Rf5 e3 33. Rdf1 e2 34. R1f2 Nf3+ 35. R5xf3 e1=Q+ 0-1

[Event "Paul Keres mem (26th)"]
[Site "Vancouver CAN"]
[Date "2001.05.19"]
[Round "3.19"]
[White "Dekker, Case"]
[Black "Moura, Eduardo"]
[Result "1/2-1/2"]
[WhiteElo "1534"]
[BlackElo "1851"]
[PlyCount "34"]
[GameId "2160767911564720"]
[EventDate "2001.05.18"]
[EventType "swiss"]
[EventRounds "7"]
[EventCountry "CAN"]

1. d4 c5 2. c3 e6 3. Nf3 Nf6 4. e3 b6 5. Nbd2 Bb7 6. Bd3 d5 7. O-O Nbd7 8. Re1 Be7 9. e4 dxe4 10. Nxe4 O-O 11. Qe2 Nxe4 12. Bxe4 Qc7 13. Bg5 Bxg5 14. Nxg5 Nf6 15. Qd3 Nxe4 16. Nxe4 Bxe4 17. Qxe4 cxd4 1/2-1/2

[Event "Paul Keres mem (26th)"]
[Site "Vancouver CAN"]
[Date "2001.05.19"]
[Round "3.20"]
[White "McPherson, Tristram"]
[Black "Ivankovic, Goran"]
[Result "1-0"]
[WhiteElo "2094"]
[BlackElo "2007"]
[PlyCount "73"]
[GameId "2160767911564721"]
[EventDate "2001.05.18"]
[EventType "swiss"]
[EventRounds "7"]
[EventCountry "CAN"]

1. d4 e6 2. c4 f5 3. Nf3 Nf6 4. g3 c6 5. Bg2 d5 6. O-O Bd6 7. Bf4 Bxf4 8. gxf4 O-O 9. Ne5 Nbd7 10. Qc2 Nh5 11. e3 Rf6 12. Nd2 Nf8 13. b4 Rh6 14. Ndf3 Nf6 15. b5 cxb5 16. cxb5 Bd7 17. a4 Ng4 18. Rfc1 Nxe5 19. dxe5 Rc8 20. Qb2 Be8 21. Rxc8 Qxc8 22. Rc1 Qd8 23. Qc3 Bh5 24. Qc7 Qe8 25. Qxb7 Qg6 26. Ng5 Be2 27. Qe7 Qh5 28. h3 Bc4 29. Qxa7 Qe8 30. b6 Rg6 31. Kh2 h6 32. Nf3 Nd7 33. Bf1 Bxf1 34. Rxf1 Nxb6 35. Qxb6 Qxa4 36. Nh4 Qc4 37. Qb1 1-0

[Event "Paul Keres mem (26th)"]
[Site "Vancouver CAN"]
[Date "2001.05.19"]
[Round "3.21"]
[White "Angelvette, Duane"]
[Black "Bouvier, Jesse"]
[Result "1-0"]
[WhiteElo "1656"]
[BlackElo "2020"]
[PlyCount "33"]
[GameId "2160767911564722"]
[EventDate "2001.05.18"]
[EventType "swiss"]
[EventRounds "7"]
[EventCountry "CAN"]

1. e4 c5 2. Nf3 Nc6 3. d4 cxd4 4. Nxd4 Qb6 5. Nb3 Nf6 6. Nc3 e6 7. Be3 Qc7 8. Be2 Bb4 9. Qd3 d5 10. exd5 Nxd5 11. O-O Nxe3 12. Qxe3 O-O 13. Kh1 a6 14. f4 b5 15. Bd3 Ne7 16. Qe4 f5 17. Qxb4 1-0

[Event "Paul Keres mem (26th)"]
[Site "Vancouver CAN"]
[Date "2001.05.19"]
[Round "3.22"]
[White "Nishida, Harold"]
[Black "Sladek, Vaclav"]
[Result "0-1"]
[WhiteElo "2010"]
[BlackElo "2000"]
[PlyCount "75"]
[GameId "2160767911564723"]
[EventDate "2001.05.18"]
[EventType "swiss"]
[EventRounds "7"]
[EventCountry "CAN"]

1. e4 c5 2. Nf3 d6 3. d4 cxd4 4. Nxd4 Nf6 5. Nc3 a6 6. Be2 e5 7. Nb3 Be7 8. O-O Be6 9. Be3 Qc7 10. a4 O-O 11. a5 Nbd7 12. f3 Rac8 13. Qd2 Rfd8 14. Rfc1 Qc6 15. Na4 d5 16. Nb6 Nxb6 17. Bxb6 Re8 18. c4 dxe4 19. Qe3 Bf5 20. Rd1 h6 21. Kh1 Bg6 22. g4 Nd7 23. c5 Nf6 24. h3 Nd5 25. Qf2 Nf4 26. Bf1 exf3 27. Rac1 Ne2 28. Ra1 Nf4 29. Rac1 Ne2 30. Ra1 Bc2 31. Rd2 Bxb3 32. Ra3 Bd5 33. Kh2 Nf4 34. Rd1 Qe6 35. Rc3 Bf6 36. Rcc1 e4 37. Re1 Be5 38. Kh1 0-1

[Event "Paul Keres mem (26th)"]
[Site "Vancouver CAN"]
[Date "2001.05.19"]
[Round "3.23"]
[White "Jose, Marionito"]
[Black "Leblanc, Paul"]
[Result "0-1"]
[WhiteElo "1850"]
[BlackElo "2107"]
[PlyCount "60"]
[GameId "2160767911564724"]
[EventDate "2001.05.18"]
[EventType "swiss"]
[EventRounds "7"]
[EventCountry "CAN"]

1. e4 c6 2. d4 d5 3. Nd2 dxe4 4. Nxe4 Bf5 5. Ng3 Bg6 6. Bc4 e6 7. N1e2 Bd6 8. O-O Qc7 9. Bb3 Nf6 10. f4 Nbd7 11. c3 O-O-O 12. Bc2 Kb8 13. b4 c5 14. f5 exf5 15. Bf4 cxb4 16. cxb4 Nd5 17. Bxd6 Qxd6 18. Nxf5 Bxf5 19. Bxf5 Ne3 20. Qb3 Nxf1 21. Rxf1 Rhe8 22. Bg4 Nf6 23. Bf3 Re7 24. b5 Rde8 25. Qb2 Nd5 26. a4 Qb4 27. Qxb4 Nxb4 28. Nc3 f6 29. Kf2 Re3 30. Nd5 Rxf3+ 0-1

[Event "Paul Keres mem (26th)"]
[Site "Vancouver CAN"]
[Date "2001.05.19"]
[Round "3.24"]
[White "Pivovarov, Juraj"]
[Black "Long, Hugh"]
[Result "0-1"]
[WhiteElo "1807"]
[BlackElo "1878"]
[PlyCount "66"]
[GameId "2160767911564725"]
[EventDate "2001.05.18"]
[EventType "swiss"]
[EventRounds "7"]
[EventCountry "CAN"]

1. c4 Nf6 2. g3 g6 3. Bg2 Bg7 4. Nc3 O-O 5. e4 d6 6. Nge2 c5 7. d3 Nbd7 8. f4 a6 9. a4 Rb8 10. O-O b6 11. h3 Bb7 12. g4 e6 13. Ng3 Ne8 14. Be3 Nc7 15. Qd2 Bc6 16. d4 cxd4 17. Bxd4 Bxd4+ 18. Qxd4 Nc5 19. Ra3 b5 20. b4 Nxa4 21. Nxa4 bxa4 22. e5 Bxg2 23. Kxg2 Rxb4 24. exd6 Nb5 25. Qc5 Rb2+ 26. Rf2 Rxf2+ 27. Kxf2 Nxa3 28. Qxa3 Qb6+ 29. c5 Qc6 30. Ke3 Rb8 31. Ne4 Rb3+ 32. Qxb3 axb3 33. d7 Qc7 0-1

[Event "Paul Keres mem (26th)"]
[Site "Vancouver CAN"]
[Date "2001.05.19"]
[Round "3.25"]
[White "Sullivan, Brian"]
[Black "Keshet, Joshua"]
[Result "0-1"]
[WhiteElo "1738"]
[BlackElo "1866"]
[PlyCount "77"]
[GameId "2160767911564726"]
[EventDate "2001.05.18"]
[EventType "swiss"]
[EventRounds "7"]
[EventCountry "CAN"]

1. d4 Nf6 2. c4 g6 3. Nc3 Bg7 4. e4 d6 5. Bd3 O-O 6. Nge2 c5 7. O-O Nc6 8. dxc5 dxc5 9. Be3 b6 10. f3 e6 11. Qd2 Ne5 12. Rfd1 Qe7 13. Qc2 Bb7 14. Rd2 Rfd8 15. Rad1 Nfd7 16. Nf4 Nxd3 17. Nxd3 Nb8 18. Nf2 Nc6 19. f4 Nd4 20. Qb1 Ba6 21. e5 Nf5 22. Rxd8+ Rxd8 23. Rxd8+ Qxd8 24. Qe4 Nxe3 25. Qxe3 Bxc4 26. b3 Bd5 27. Qd3 Qa8 28. Nfe4 a6 29. g4 Bxe4 30. Nxe4 Qd5 31. Nf6+ Bxf6 32. Qxd5 exd5 33. exf6 Kf8 34. Kf2 Ke8 35. g5 Kd7 36. h4 Ke6 37. Ke3 Kf5 38. a3 b5 39. b4 0-1

[Event "Paul Keres mem (26th)"]
[Site "Vancouver CAN"]
[Date "2001.05.19"]
[Round "4"]
[White "Harmon, Clark"]
[Black "Morgan, Ben"]
[Result "1-0"]
[WhiteElo "2181"]
[BlackElo "2178"]
[PlyCount "103"]
[GameId "2160767911564727"]
[EventDate "2001.05.18"]
[EventType "swiss"]
[EventRounds "7"]
[EventCountry "CAN"]
[SourceTitle "CBM 082 Extra"]
[Source "ChessBase"]
[SourceDate "2001.07.03"]
[SourceVersion "1"]
[SourceVersionDate "2001.07.03"]
[SourceQuality "1"]

1. d4 e6 2. e4 d5 3. e5 c5 4. c3 Nc6 5. Be3 cxd4 6. cxd4 f6 7. Bd3 Qc7 8. Qh5+ Kd8 9. exf6 Nxf6 10. Qe2 Nb4 11. Nc3 Nxd3+ 12. Qxd3 Bd7 13. Rc1 Qc4 14. Qxc4 dxc4 15. Nf3 Rc8 16. Ne5 Ke8 17. O-O Bd6 18. h3 a6 19. g4 b5 20. Rfe1 Bb4 21. a3 Ba5 22. g5 Bxc3 23. bxc3 Nd5 24. g6 hxg6 25. Kh2 Rh7 26. Bg5 Rh5 27. h4 Nf6 28. Nxg6 Nh7 29. f4 Nxg5 30. fxg5 Kf7 31. Ne5+ Ke7 32. Kg3 Be8 33. Rf1 Rc7 34. Rf4 Rh8 35. Rcf1 a5 36. g6 Rh6 37. Rb1 Rb7 38. Kf2 Bxg6 39. Rg1 b4 40. axb4 axb4 41. Nxg6+ Kd6 42. Ne5 bxc3 43. Nxc4+ Kd5 44. Ne3+ Kd6 45. Kf3 Rc7 46. Ke4 Rh5 47. Kd3 c2 48. Nxc2 Rb5 49. Ne3 Rb3+ 50. Ke4 Rcc3 51. Rf3 Rb7 52. Rg6 1-0

[Event "Paul Keres mem (26th)"]
[Site "Vancouver CAN"]
[Date "2001.05.20"]
[Round "4.2"]
[White "Gentes, Kevin"]
[Black "Boehmer, Kris"]
[Result "0-1"]
[WhiteElo "2365"]
[BlackElo "2125"]
[PlyCount "71"]
[GameId "2160767911564731"]
[EventDate "2001.05.18"]
[EventType "swiss"]
[EventRounds "7"]
[EventCountry "CAN"]

1. d4 Nf6 2. c4 e6 3. g3 Bb4+ 4. Nc3 Nc6 5. Nf3 d6 6. Bg2 O-O 7. O-O Bxc3 8. bxc3 e5 9. Qc2 Bd7 10. Rd1 Qc8 11. d5 Nb8 12. Nh4 h6 13. e4 Na6 14. Nf5 Bxf5 15. exf5 Nc5 16. Be3 b6 17. h3 Re8 18. g4 Nh7 19. f4 exf4 20. Bxf4 Qd8 21. Rd4 Qh4 22. Kh2 Re7 23. g5 Qh5 24. gxh6 gxh6 25. Qf2 Re2 26. Qg3+ Kh8 27. Qg4 Qxg4 28. hxg4 Ng5 29. Kg3 Rae8 30. f6 Kh7 31. Bf3 Rc2 32. Rc1 Rxa2 33. Bd1 Kg6 34. Bc2+ Kxf6 35. Bf5 Ree2 36. Rf1 0-1